Guía de apoyo para el uso de material didáctico

-д хадгалсан:
Номзүйн дэлгэрэнгүй
Формат: Ном
Хэл сонгох:испани
Хэвлэсэн: Santiago Ministerio de Educación 1999
Нөхцлүүд:
Шошгууд: Шошго нэмэх
Шошго байхгүй, Энэхүү баримтыг шошголох эхний хүн болох!

MARC

LEADER 00000nam a2200000 a 4500
001 UCP5416
003 CL-VaPUC
008 990910e19990000CL |||||||||||||||||spa|d
082 0 4 |a 371.3  |b MIN  |2 21 
245 1 0 |a Guía de apoyo para el uso de material didáctico 
300 |a 60 p 
942 |c BK 
945 |d 19990910 00:00:00  |a rbrito 
260 |a Santiago  |b Ministerio de Educación  |c 1999 
500 |a Texto de la Reforma Educacional Chilena 
500 |a Bca.Educación material en Hemeroteca 
650 0 |a Reforma educacional   |9 256319 
650 0 |a Métodos de enseñanza  |9 270413 
650 0 |a Educación preescolar  |9 260381 
583 |a last modification  |c 19990910 00:00:00  |k Rodrigo Vera 
999 |c 283166  |d 283164 
952 |0 0  |1 0  |4 0  |6 371_300000000000000_MIN_1999  |7 0  |8 A  |9 326005  |a BIBEDU  |b BIBEDU  |d 2019-11-20  |i 3537285  |o 371.3 MIN 1999  |p 3537285  |r 2019-11-20  |w 2019-11-20  |y BK  |k EDU